Development of Graphical User Interface for Intelligent Room diplomová práca

Gespeichert in:
Bibliographische Detailangaben
1. Verfasser: Jakabšic, Jakub
Format: Buch
Sprache:Englisch
Veröffentlicht: Bratislava STU FCHPT 2017
Online-Zugang:Im OPAC anzeigen
Tags: Tag hinzufügen
Keine Tags, Fügen Sie das erste Tag hinzu!

MARC

LEADER 00000nam a2200000 a 4500
005 20260127134040.0
008 170818 2017 xo 001 0 eng d
035 |a vtls011707420 
039 9 |y 201708181204  |z mschk03 
040 |a STUSCHK1  |b slo  |c STUSCHK1  |e AACR2 
100 1 |a Jakabšic, Jakub 
245 1 |a Development of Graphical User Interface for Intelligent Room  |b diplomová práca  |c Jakub Jakabšic 
260 |a Bratislava  |b STU FCHPT  |c 2017 
300 |a 51 s.  |b il.  |c 25 cm 
500 |a Study programme: Automation of Onformation Engineering in Chemistry and Food Industry 
500 |a Study field: Automation 
500 |a Workplace: Institute of Information Engineering, Automation and Mathematics 
500 |a Reg.no.: FCHPT-5414-70732 
910 |a SCHK95 
999 |c 2864  |d 2864